00780nam a22002057a 4500010001300000020001500013035001300028037001600041040001200057082001800069100002700087245009400114260004500208300002600253650004700279650005000326942002700376999001900403952015200422 aA-701825 a8170995329 aA-701825 aCen Lib/Ret aDPLbEN a338.1763bAGA aAgarwal, V. K.9113013 aProduction and marketing of poultry products in India :ba case study /cby V. K. Agarwal aNew Delhi ;bMittal Publicaitons :c1994 avi, 280p ; b24cm(Hb) aFarm produce -- Asia -- Marketing.9113014 aFarms, Small -- Asia -- Case studies.9113015 2ddccENh338.1763mAGA c136176d136176 04104070aLbLd2015-12-23eCen Lib/Retl0o338.1763 AGApA-701825r2015-12-23 00:00:00t1w2015-12-23yENzW/d List No. 6891/19 ; dtd 14/09/2020